000 00595nam a22002177a 4500
003 UA-OsUOA
001 53223
007 ta
008 20080324b un ||||| |||| 00| 0 ukr d
090 _a94:012(477)
_bМ74
942 _cBK
040 _aUA-OsUOA
_bukr
_cUA-OsUOA
_dUA-OsUOA
245 _aМикола Чмихов. Збірник на пошану пам'яті
300 _a56 с.
955 _a2
041 _aukr
080 _a94:012(477)
260 _aК.
_bАкадемія
_c2000
650 7 _a9 Географія. Біографії. Історія
_2UDC
999 _c339317
_d339317